Kiki Strike : (Record no. 2886)

MARC details
000 -LEADER
fixed length control field 01258cam a2200337 a 4500
001 - CONTROL NUMBER
control field 2886
003 - CONTROL NUMBER IDENTIFIER
control field FISKH
005 - DATE AND TIME OF LATEST TRANSACTION
control field 20240122112100.0
008 - FIXED-LENGTH DATA ELEMENTS--GENERAL INFORMATION
fixed length control field 051026s2006 nyu c 000 1 eng
010 ## - LIBRARY OF CONGRESS CONTROL NUMBER
LC control number 2005030945
020 ## - INTERNATIONAL STANDARD BOOK NUMBER
International Standard Book Number 1582349606
020 ## - INTERNATIONAL STANDARD BOOK NUMBER
International Standard Book Number 9781582349602
020 ## - INTERNATIONAL STANDARD BOOK NUMBER
International Standard Book Number 9780545567510
035 ## - SYSTEM CONTROL NUMBER
System control number (OCoLC)ocm62341439
040 ## - CATALOGING SOURCE
Original cataloging agency DLC
Transcribing agency DLC
Modifying agency IG#
-- BAKER
-- JP3
-- DLC
Language of cataloging eng
042 ## - AUTHENTICATION CODE
Authentication code lcac
-- lcac
050 00 - LIBRARY OF CONGRESS CALL NUMBER
Classification number PZ7.M6223
Item number Kik 2006
082 00 - DEWEY DECIMAL CLASSIFICATION NUMBER
Classification number [Fic]
Edition number 22
100 1# - MAIN ENTRY--PERSONAL NAME
Personal name Miller, Kirsten,
Dates associated with a name 1973-
245 10 - TITLE STATEMENT
Title Kiki Strike :
Remainder of title inside the shadow city /
Statement of responsibility, etc. Kirsten Miller.
250 ## - EDITION STATEMENT
Edition statement First Scholastic printing, April 2013
260 ## - PUBLICATION, DISTRIBUTION, ETC.
Place of publication, distribution, etc. New York :
Name of publisher, distributor, etc. Scholastic,
Date of publication, distribution, etc. 2006
300 ## - PHYSICAL DESCRIPTION
Extent 387 pages ;
Dimensions 20 cm
520 ## - SUMMARY, ETC.
Summary, etc. Life becomes more interesting for Ananka Fishbein when, at the age of twelve, she discovers an underground room in the park across from her New York City apartment and meets a mysterious girl called Kiki Strike who claims that she, too, wants to explore the subterranean world.
650 #1 - SUBJECT ADDED ENTRY--TOPICAL TERM
Topical term or geographic name entry element Underground areas
Form subdivision Fiction.
650 #1 - SUBJECT ADDED ENTRY--TOPICAL TERM
Topical term or geographic name entry element Mystery and detective stories.
650 #1 - SUBJECT ADDED ENTRY--TOPICAL TERM
Topical term or geographic name entry element Identity
Form subdivision Fiction.
651 #1 - SUBJECT ADDED ENTRY--GEOGRAPHIC NAME
Geographic name New York (N.Y.)
Form subdivision Fiction.
906 ## - LOCAL DATA ELEMENT F, LDF (RLIN)
a 7
b cbc
c orignew
d 1
e ecip
f 20
g y-gencatlg
942 ## - ADDED ENTRY ELEMENTS (KOHA)
Source of classification or shelving scheme Dewey Decimal Classification
Koha item type Books
Suppress in OPAC No
Holdings
Withdrawn status Lost status Source of classification or shelving scheme Damaged status Not for loan Collection Home library Current library Shelving location Date acquired Total Checkouts Full call number Barcode Date last seen Price effective from Koha item type
    Dewey Decimal Classification     Fiction Footprints International School Library Network Toul Kork Campus Footprints International School Library Network Toul Kork Campus   01/22/2024   MIL Fic PZ7.M6223 FISSE00986 01/22/2024 01/22/2024 Books